=LDR 00000nam 2200000 4500 =001 INLIS000000000036504 =005 20130612142304 =008 ***********************************Ind** =035 ##$$0010-061300000036504 =041 ##$$a Ind =082 ##$$a 813.01 =090 ##$$a 813.01, Kus l =100 ##$$a Kusumawardhani, Rioviana =245 ##$$a Lelaki yang membelah bulan, Noviana Kusumardhani ; editor, Maria Hardiningsih =260 ##$$a 2011 $b Jakarta =300 ##$$a 82 hlm, ilus, 21 cm =650 ##$$a Fiksi Indonesia-cerita pendek =850 ##$$a NBPNMAT